000 00644nam a2200229Ia 4500
003 OSt
005 20250714092745.0
008 210423s2012 xx 000 0 und d
020 _a9780670049738
040 _cAL
041 _aeng
082 _a070.40954
_bVERB
100 _aVerghese B G
_992985
245 _aBreaking the big story
_b: great moments in Indian journalism
260 _aNew Delhi
_bviking
_c2012
300 _axlix,153
_bPB
365 _b295
_cINR
650 _aJournalism
_992986
650 _aJournalism & Media
_992987
906 _abig ; Breaking ; great ; Indian ; journalism. ; moments ; story
942 _2ddc
_cBK
999 _c161672
_d161672